Choctaw County mineral resources: Geology, (Record no. 27897)

MARC details
000 -LEADER
fixed length control field 01352cam a22003371 4500
001 - CONTROL NUMBER
control field gs 43000054
003 - CONTROL NUMBER IDENTIFIER
control field DLC
005 - DATE AND TIME OF LATEST TRANSACTION
control field 20260227111349.0
008 - FIXED-LENGTH DATA ELEMENTS--GENERAL INFORMATION
fixed length control field 780228s1943 msuab 000 0 eng c
010 ## - LIBRARY OF CONGRESS CONTROL NUMBER
LC control number gs 43000054
035 ## - SYSTEM CONTROL NUMBER
System control number (OCoLC)3677640
040 ## - CATALOGING SOURCE
Original cataloging agency U.S. Geol. survey. Library
Transcribing agency OT
Modifying agency OCoLC
-- DLC
042 ## - AUTHENTICATION CODE
Authentication code premarc
050 00 - LIBRARY OF CONGRESS CALL NUMBER
Classification number QE129
Item number .A2 no. 52
082 ## - DEWEY DECIMAL CLASSIFICATION NUMBER
Classification number 553
110 2# - MAIN ENTRY--CORPORATE NAME
Corporate name or jurisdiction name as entry element Mississippi Geological, Economic, and Topographical Survey.
245 10 - TITLE STATEMENT
Title Choctaw County mineral resources: Geology,
Statement of responsibility, etc. by Franklin Earl Vestal; Tests, by Thomas Edwin McCutcheon.
260 ## - PUBLICATION, DISTRIBUTION, ETC.
Place of publication, distribution, etc. University,
Date of publication, distribution, etc. 1943.
300 ## - PHYSICAL DESCRIPTION
Extent 156 p.
Other physical details illus. (part fold.) fold. map, tables.
Dimensions 23 cm.
490 1# - SERIES STATEMENT
Series statement Its Bulletin
Volume/sequential designation 52
500 ## - GENERAL NOTE
General note "Prepared in cooperation with the Choctaw County citizens and the WPA as a report on O.P. 65-1-62-137."
500 ## - GENERAL NOTE
General note At head of title: Mississippi State Geological Survey.
504 ## - BIBLIOGRAPHY, ETC. NOTE
Bibliography, etc. note "References": p. 118-119.
650 #0 - SUBJECT ADDED ENTRY--TOPICAL TERM
Topical term or geographic name entry element Mines and mineral resources
Geographic subdivision Mississippi
-- Choctaw County.
650 #0 - SUBJECT ADDED ENTRY--TOPICAL TERM
Topical term or geographic name entry element Geology
Geographic subdivision Mississippi
-- Choctaw County.
650 #0 - SUBJECT ADDED ENTRY--TOPICAL TERM
Topical term or geographic name entry element Clay
General subdivision Testing.
650 #0 - SUBJECT ADDED ENTRY--TOPICAL TERM
Topical term or geographic name entry element Clay
Geographic subdivision Mississippi
-- Choctaw County.
700 1# - ADDED ENTRY--PERSONAL NAME
Personal name Vestal, Franklin E.
Fuller form of name (Franklin Earl),
Dates associated with a name 1884-1969.
700 1# - ADDED ENTRY--PERSONAL NAME
Personal name McCutcheon, Thomas Edwin.
810 2# - SERIES ADDED ENTRY--CORPORATE NAME
Corporate name or jurisdiction name as entry element Mississippi Geological, Economic, and Topographical Survey.
Title of a work Bulletin
Volume/sequential designation 52.

No items available.

Powered by Koha